000 00842nam a22002537a 4500
999 _c20439
_d20439
003 AR-CdUCM
008 190502b ||||| |||| 00| 0 spa d
040 _aMUNICIPALIDAD PROVINCIAL DEL CUSCO
_cBIBLIOTECA MUNICIPAL DEL CUSCO
082 _a985.009 /
_bAL47
100 _aAlva Orlandini, Hernan
_935590
110 _aBiblioteca Hombres del Perú
_936611
245 _aAlejandro Von Humboldt /
260 _aLima :
_bUniversitaria,
_c1966.
300 _a106 páginas ;
_c20 cm.
440 _a4
_910574
500 _a[libro reempastado]
505 _aContenido; Alejandro Von Humboldt -- La coincidencia y lo fortuito -- Estuardo Nuñez.
650 _aHistoria peruana
_91316
650 _aInvestigadores peruanos
_942656
650 _aVon Humboldt
_942737
700 _aNuñez, Estuardo
_92660
942 _2ddc
_cLIBROS
945 _aAndy